000 00754nam a2200241 a 4500
005 20210219152908.0
008 991125n 000 0 spa u
035 _aUPN01000066105
100 1 _aRodríguez Muñoz, Víctor Manuel
222 _aEDUCACION Y BIBLIOTECA :
_bREVISTA MENSUAL DE DOCUMENTACION Y RECURSOS DIDACTICOS
245 _aLa biblioteca en el aula : sugerencias para la elaboración de una unidad didáctica
260 _aMadrid, España
300 _a54-57
362 0 _a1992 Año 4, No. 31, nov.
653 0 _aBIBLIOTECAS
653 0 _aCURRICULUM
653 0 _aEDUCACION PRIMARIA
653 0 _aENSEÑANZA
700 1 _aVellosillo González, Inmaculada,
700 1 _ecoaut.
904 _aAC
_b003916
905 _aArticulo
999 _c63300
_d63300